000 00600nam a22002057a 4500
003 OSt
005 20160616185053.0
008 160616b xxu||||| |||| 00| 0 eng d
020 _a0805001999
040 _c040a
082 _aQW 551
_bF431t 1985
100 _aFettner, Ann Guidici
_99459
245 _aThe truth about AIDS:
_bevolution of an epidemic /
_cAnn Guidici Fettner, William A. Check
260 _aNew York
_bHenry Holt and company
_c1985
300 _axiii, 306p;
_c10 cm.
504 _aIncludes index.
650 _aAIDS
_92450
700 _aCheck, William A
_99460
942 _2ddc
_cO_SHELF
999 _c4396
_d4396